[Event "London Chess Classic 2015"]
[Site "London ENG"]
[Date "2015.12.07"]
[Round "4"]
[White "Carlsen, Magnus"]
[Black "Adams, Michael"]
[Result "1/2-1/2"]
[WhiteElo "2850"]
[BlackElo "2744"]
[PlyCount "155"]
[EventDate "2015.12.04"]

1. Nf3 d5 2. g3 Bg4 3. Bg2 c6 4. O-O e6 5. d3 Bd6 6. c4 Ne7 7. cxd5 exd5 8. Nc3
O-O 9. h3 Bh5 10. e4 Na6 11. exd5 cxd5 12. Re1 Nc6 13. d4 Nc7 14. a3 h6 15. b4
Rc8 16. Bb2 a6 17. Na4 a5 18. Nc5 axb4 19. axb4 Rb8 20. Qa4 Bxf3 21. Bxf3 Qf6
22. Qb3 Rfd8 23. Bg4 Nxd4 24. Bxd4 Qxd4 25. Red1 Qc4 26. Qxc4 dxc4 27. Nd7 Rxd7
28. Bxd7 Bxb4 29. Ra4 Bc5 30. Rxc4 b6 31. Kg2 g6 32. Bc6 Ne8 33. Rd7 Nf6 34.
Ra7 Kg7 35. Ra8 Rxa8 36. Bxa8 h5 37. Ra4 Ng8 38. Bd5 Ne7 39. Ba2 Nc6 40. Ra8
Nb4 41. Bc4 Nc6 42. f4 Ne7 43. Kf3 Nf5 44. Ra7 Nd6 45. Bd5 Bd4 46. Rd7 Bc5 47.
Ba2 Kf6 48. g4 hxg4+ 49. hxg4 Kg7 50. Rd8 Nb7 51. Rd7 Nd6 52. Ke2 Kf8 53. Kd3
Kg7 54. Bd5 Kf8 55. Rd8+ Kg7 56. Bc6 Kh7 57. g5 Kg7 58. Bd5 Kh7 59. Rd7 Kg7 60.
Ke2 Kf8 61. Kf3 Ke8 62. Rc7 Bd4 63. Kg4 Be3 64. Bxf7+ Nxf7 65. Rc6 Bd4 66. Rxg6
b5 67. Rg8+ Kd7 68. f5 Be3 69. Rg7 Ke8 70. Rg8+ Kd7 71. Rg7 Ke8 72. g6 Nh6+ 73.
Kf3 Nxf5 74. Rf7 Nh4+ 75. Kxe3 Nxg6 76. Rb7 b4 77. Ke4 b3 78. Rxb3 1/2-1/2

[Event "London Chess Classic 2015"]
[Site "London ENG"]
[Date "2015.12.07"]
[Round "4"]
[White "Topalov, Veselin"]
[Black "Caruana, Fabiano"]
[Result "1/2-1/2"]
[WhiteElo "2803"]
[BlackElo "2787"]
[PlyCount "165"]
[EventDate "2015.12.04"]

1. e4 e5 2. Nf3 Nc6 3. Bb5 Nf6 4. d3 Bc5 5. c3 O-O 6. Nbd2 d6 7. h3 Ne7 8. d4
Bb6 9. dxe5 dxe5 10. Qe2 Ng6 11. g3 Qe7 12. Bd3 a5 13. Nc4 Bc5 14. Be3 Rd8 15.
Bxc5 Qxc5 16. Ne3 h6 17. O-O-O Be6 18. Kb1 b5 19. c4 b4 20. Nd5 Nd7 21. Ne1 c6
22. Nc7 Rac8 23. Nxe6 fxe6 24. h4 Rf8 25. Bc2 Qe7 26. Nd3 Nc5 27. Qe3 Nxd3 28.
Rxd3 Rfd8 29. Rhd1 Rxd3 30. Qxd3 Nf8 31. Ba4 Qc5 32. Rd2 Kf7 33. Bd1 Ra8 34.
Qd6 Qxc4 35. Qxe5 Qb5 36. Qc7+ Kg8 37. Qd6 a4 38. Be2 Qb6 39. Bc4 Re8 40. Qd4
c5 41. Qd6 Qb7 42. f3 a3 43. Rd3 axb2 44. Kxb2 Kh7 45. Kc2 Rc8 46. Ba6 Qa7 47.
Bxc8 Qxa2+ 48. Kd1 c4 49. Rd2 Qa1+ 50. Ke2 c3 51. Qxf8 cxd2 52. Kxd2 Qb2+ 53.
Ke3 Qc1+ 54. Kf2 Qd2+ 55. Kf1 Qd1+ 56. Kg2 Qe2+ 57. Kh3 h5 58. g4 hxg4+ 59.
Kxg4 Qg2+ 60. Kf4 Qh2+ 61. Ke3 Qg1+ 62. Kd3 Qf1+ 63. Kd4 Qa1+ 64. Kc4 Qc3+ 65.
Kb5 b3 66. Bxe6 Qe5+ 67. Kb4 Qxe6 68. Kc3 Qb6 69. Qf5+ Kg8 70. Qd5+ Kf8 71.
Qxb3 Qf6+ 72. Kc2 Qxh4 73. Qb8+ Kf7 74. Kd3 Qe1 75. Qf4+ Ke6 76. Qf5+ Ke7 77.
Qc5+ Kf7 78. Qf5+ Ke7 79. Qg6 Qd1+ 80. Ke3 Qe1+ 81. Kf4 Qc1+ 82. Kf5 Qc5+ 83.
Kf4 1/2-1/2

[Event "ACP Masters Cup (rapid) 2015"]
[Site "Ashdod, Israel"]
[Date "2015.12.07"]
[Round "1"]
[White "Jakovenko, Dmitry"]
[Black "Gelfand, Boris"]
[Result "1/2-1/2"]
[WhiteElo "2737"]
[BlackElo "2731"]
[PlyCount "77"]
[EventDate "2015.??.??"]

1. e4 c5 2. Nf3 d6 3. d4 cxd4 4. Nxd4 Nf6 5. Nc3 a6 6. Bg5 e6 7. f4 Nbd7 8. Qf3
Qc7 9. O-O-O b5 10. Bd3 Bb7 11. Rhe1 Qb6 12. Bxf6 Nxf6 13. f5 b4 14. Nce2 e5
15. Nb3 h5 16. Kb1 Be7 17. Nd2 Rc8 18. Nc4 Rxc4 19. Bxc4 Bxe4 20. Qb3 O-O 21.
Nc3 Bxf5 22. Nd5 Nxd5 23. Bxd5 Bf6 24. Rf1 Bg6 25. Qg3 Kh7 26. Qf3 Bg5 27. h4
Bh6 28. g4 hxg4 29. Qxg4 f5 30. Qe2 Qe3 31. Qxa6 Bh5 32. Qxd6 Bxd1 33. Rxd1 Qe2
34. Rh1 Rc8 35. Bb3 f4 36. Qd7 Rf8 37. Qe7 Rc8 38. Qd7 Rf8 39. Qe7 1/2-1/2

[Event "ACP Masters Cup (rapid) 2015"]
[Site "Ashdod, Israel"]
[Date "2015.12.07"]
[Round "1"]
[White "Guseinov, Gadir"]
[Black "Georgiev, Kiril"]
[Result "1-0"]
[WhiteElo "2646"]
[BlackElo "2633"]
[PlyCount "70"]
[EventDate "2015.??.??"]

1. e4 e5 2. Nf3 Nc6 3. Bb5 Nf6 4. O-O Nxe4 5. d4 Nd6 6. Ba4 e4 7. Ne5 Be7 8.
Re1 O-O 9. Nc3 Bf6 10. Bf4 Re8 11. Nxe4 Nxe4 12. Rxe4 Bxe5 13. dxe5 d5 14. Re3
Bf5 15. Qd2 Re6 16. Rd1 Ne7 17. c4 c6 18. Bg5 h6 19. Bxe7 Qxe7 20. cxd5 cxd5
21. Qxd5 Ra6 22. Bb3 Be6 23. Qe4 Rc8 24. h3 Rb6 25. Bxe6 Rxe6 26. f4 Rec6 27.
b3 Rc2 28. Rg3 Rxa2 29. f5 Qc5+ 30. Kh2 Re8 31. Qg4 Qf8 32. f6 g6 33. Qe4 g5
34. Qf5 Ra5 35. Rxg5+ hxg5 1-0

[Event "ACP Masters Cup (rapid) 2015"]
[Site "Ashdod, Israel"]
[Date "2015.12.07"]
[Round "1"]
[White "Sevian, Samuel"]
[Black "Nepomniachtchi, Ian"]
[Result "0-1"]
[WhiteElo "2578"]
[BlackElo "2707"]
[PlyCount "104"]
[EventDate "2015.??.??"]

1. e4 c5 2. Nf3 d6 3. d4 cxd4 4. Nxd4 Nf6 5. Nc3 a6 6. Be3 e5 7. Nb3 Be7 8. f3
Be6 9. Qd2 Nbd7 10. g4 b5 11. O-O-O Nb6 12. Qf2 Nfd7 13. Nd5 Bxd5 14. exd5 Nc4
15. Kb1 a5 16. Nd2 Qc7 17. h4 a4 18. a3 O-O 19. Bd3 Nf6 20. Be4 b4 21. axb4
Rfb8 22. Nxc4 Qxc4 23. Bd2 Nxe4 24. fxe4 Qxe4 25. Rhf1 Qxd5 26. g5 Rc8 27. Qf5
g6 28. Qd7 Qe6 29. Qxe6 fxe6 30. h5 d5 31. Bc3 d4 32. Be1 a3 33. Bg3 Bd6 34.
hxg6 axb2 35. gxh7+ Kxh7 36. Rf7+ Kg6 37. Rdf1 Ra1+ 38. Kxb2 Rxf1 39. Rxf1 Kxg5
40. Rf7 Rc4 41. Rb7 Kf5 42. b5 Ke4 43. Rd7 Kd5 44. Bh4 Rb4+ 45. Kc1 Rxb5 46.
c4+ dxc3 47. Be7 Rb6 48. Kc2 Rc6 49. Rd8 e4 50. Bg5 e5 51. Ra8 Bc5 52. Rd8+ Ke6
0-1

[Event "ACP Masters Cup (rapid) 2015"]
[Site "Ashdod, Israel"]
[Date "2015.12.07"]
[Round "2"]
[White "Jakovenko, Dmitry"]
[Black "Guseinov, Gadir"]
[Result "1-0"]
[WhiteElo "2700"]
[BlackElo "2739"]
[PlyCount "86"]
[EventDate "2015.??.??"]

1. d4 Nf6 2. c4 g6 3. Nc3 Bg7 4. e4 d6 5. Nf3 O-O 6. Be2 e5 7. O-O c6 8. Re1
Na6 9. Be3 exd4 10. Nxd4 Re8 11. Bf3 Nc5 12. Qc2 Bg4 13. Bg5 Bxf3 14. Nxf3 h6
15. Bh4 g5 16. Bg3 Nh5 17. Rad1 Nxg3 18. hxg3 Qe7 19. Nd4 Bxd4 20. Rxd4 a5 21.
Qd2 Rad8 22. Rd1 Qf6 23. f3 Re6 24. Ne2 a4 25. Qa5 Qe7 26. Nc3 g4 27. Ne2 gxf3
28. gxf3 Re8 29. Qd2 Rd8 30. Kg2 Rf6 31. Rh1 Ne6 32. Rd3 Ng5 33. Nd4 Qe5 34.
Re3 Re8 35. Rh5 Qc5 36. Qc3 Re5 37. Rh4 Ne6 38. Ne2 Rg6 39. f4 Rh5 40. Rxh5
Qxh5 41. f5 Rg4 42. fxe6 fxe6 43. Qf6 Qg6 1-0

[Event "ACP Masters Cup (rapid) 2015"]
[Site "Ashdod, Israel"]
[Date "2015.12.07"]
[Round "2"]
[White "Georgiev, Kiril"]
[Black "Sevian, Samuel"]
[Result "0-1"]
[WhiteElo "2633"]
[BlackElo "2546"]
[PlyCount "40"]
[EventDate "2015.??.??"]

1. Nf3 d5 2. c4 d4 3. b4 Bg4 4. Ne5 Bf5 5. Bb2 f6 6. Nf3 e5 7. e3 dxe3 8. fxe3
Bxb4 9. Qb3 Nc6 10. a3 Bc5 11. Qxb7 Nge7 12. Qb5 Bxe3 13. dxe3 Rb8 14. Nbd2
Rxb5 15. cxb5 Na5 16. Be2 O-O 17. O-O Bd3 18. Bxd3 Qxd3 19. e4 Qxb5 20. Bc3
Qc5+ 0-1

[Event "ACP Masters Cup (rapid) 2015"]
[Site "Ashdod, Israel"]
[Date "2015.12.07"]
[Round "2"]
[White "Gelfand, Boris"]
[Black "Nepomniachtchi, Ian"]
[Result "1/2-1/2"]
[WhiteElo "2713"]
[BlackElo "2821"]
[PlyCount "48"]
[EventDate "2015.??.??"]

1. Nf3 Nf6 2. c4 c5 3. g3 d5 4. cxd5 Nxd5 5. Bg2 Nc6 6. d4 cxd4 7. Nxd4 Ndb4 8.
Nxc6 Qxd1+ 9. Kxd1 Nxc6 10. Nc3 Bd7 11. Be3 g6 12. Rc1 Bg7 13. Ke1 Rc8 14. f4
e5 15. Kf2 exf4 16. gxf4 O-O 17. Rhd1 Be6 18. b3 Nb4 19. Bd4 b6 20. Bxg7 Kxg7
21. Rd4 Nc6 22. Rdd1 Nb4 23. Rd4 Nc6 24. Rdd1 Nb4 1/2-1/2

[Event "ACP Masters Cup (rapid) 2015"]
[Site "Ashdod, Israel"]
[Date "2015.12.07"]
[Round "3"]
[White "Sevian, Samuel"]
[Black "Jakovenko, Dmitry"]
[Result "1-0"]
[WhiteElo "2546"]
[BlackElo "2700"]
[PlyCount "81"]
[EventDate "2015.??.??"]

1. e4 e5 2. Nf3 Nc6 3. Bb5 Nf6 4. O-O Nxe4 5. d4 Nd6 6. Bxc6 dxc6 7. dxe5 Nf5
8. Qxd8+ Kxd8 9. h3 h6 10. Rd1+ Ke8 11. Nc3 Bd7 12. Bf4 Rd8 13. Bh2 Bb4 14. Ne2
g5 15. g4 Ng7 16. Ng3 c5 17. c3 Ba5 18. Ne4 Bc6 19. Nfd2 Ne6 20. Nf6+ Ke7 21.
Nc4 Bb6 22. Ne3 Ng7 23. Ned5+ Bxd5 24. Nxd5+ Ke8 25. a4 c6 26. Nf6+ Ke7 27. Ne4
Ne6 28. Nd6 Rd7 29. a5 Bd8 30. a6 b5 31. Nf5+ Ke8 32. Kg2 c4 33. Rxd7 Kxd7 34.
Rd1+ Kc7 35. Rd6 Kb6 36. Rd7 Kxa6 37. Rxf7 Kb6 38. Rd7 a5 39. f3 Re8 40. Nd6
Rf8 41. Nc8+ 1-0

[Event "ACP Masters Cup (rapid) 2015"]
[Site "Ashdod, Israel"]
[Date "2015.12.07"]
[Round "3"]
[White "Nepomniachtchi, Ian"]
[Black "Georgiev, Kiril"]
[Result "1-0"]
[WhiteElo "2821"]
[BlackElo "2633"]
[PlyCount "81"]
[EventDate "2015.??.??"]

1. c4 Nf6 2. Nc3 e5 3. Nf3 Nc6 4. g3 d5 5. cxd5 Nxd5 6. Bg2 Nb6 7. O-O Be7 8.
a3 O-O 9. b4 Be6 10. d3 a5 11. b5 Nd4 12. Bb2 f6 13. Nxd4 exd4 14. Nb1 Bd5 15.
Nd2 Bxg2 16. Kxg2 Qd5+ 17. Nf3 Bc5 18. Qc2 Rfe8 19. Rfc1 Nd7 20. Bxd4 Bxd4 21.
e4 Qxb5 22. Nxd4 Qe5 23. Nf3 Qe7 24. Qb3+ Kh8 25. Rxc7 b6 26. Rac1 Rad8 27. a4
Qb4 28. Qf7 Qd6 29. d4 Re7 30. Qd5 Qxd5 31. exd5 Kg8 32. Rb7 g5 33. Rcc7 h5 34.
d6 Rh7 35. h4 g4 36. Nd2 Nf8 37. Ne4 Rh6 38. Rf7 f5 39. Nf6+ Kh8 40. Rbe7 f4
41. gxf4 1-0

[Event "ACP Masters Cup (rapid) 2015"]
[Site "Ashdod, Israel"]
[Date "2015.12.07"]
[Round "1"]
[White "Smirin, Ilia"]
[Black "Rapport, Richard"]
[Result "0-1"]
[WhiteElo "2613"]
[BlackElo "2715"]
[PlyCount "54"]
[EventDate "2015.??.??"]

1. e4 e5 2. Nf3 Nc6 3. Bb5 Nd4 4. Nxd4 exd4 5. O-O Bc5 6. b4 Bb6 7. Na3 a6 8.
Bd3 Ne7 9. Nc4 Ba7 10. Bb2 Nc6 11. Qh5 d6 12. a3 b5 13. Na5 Nxa5 14. bxa5 c5
15. e5 d5 16. Rfe1 Be6 17. a4 c4 18. Bf1 b4 19. c3 dxc3 20. dxc3 bxc3 21. Bxc3
O-O 22. Rab1 Bc5 23. Red1 d4 24. Rb6 dxc3 25. Rxd8 Raxd8 26. Qf3 c2 27. Qc3 Bf5
0-1

[Event "ACP Masters Cup (rapid) 2015"]
[Site "Ashdod, Israel"]
[Date "2015.12.07"]
[Round "1"]
[White "Sutovsky, Emil"]
[Black "Bacrot, Etienne"]
[Result "1/2-1/2"]
[WhiteElo "2647"]
[BlackElo "2692"]
[PlyCount "111"]
[EventDate "2015.??.??"]

1. e4 e5 2. Nf3 Nc6 3. Bb5 Nf6 4. O-O Nxe4 5. d4 Nd6 6. Bxc6 dxc6 7. dxe5 Nf5
8. Qxd8+ Kxd8 9. h3 Be7 10. Nc3 Nh4 11. Nxh4 Bxh4 12. Rd1+ Ke8 13. Ne2 h5 14.
Nd4 Bd7 15. a4 a6 16. Bf4 c5 17. e6 fxe6 18. Nf3 Bf6 19. Bxc7 Bxb2 20. Rab1 Bf6
21. Rxb7 Bxa4 22. Re1 Bc6 23. Rb6 Bxf3 24. gxf3 Kf7 25. Be5 Rhe8 26. Bxf6 gxf6
27. Ra1 Red8 28. Rc6 Rd5 29. Re1 Rf5 30. Rc7+ Kg6 31. Rxe6 Rxf3 32. Rxc5 a5 33.
Rcc6 a4 34. Kg2 Rf5 35. Ra6 Rc8 36. Re2 Rf4 37. Ra5 Rc3 38. Rd2 Rcc4 39. Ra6
Rfd4 40. Re2 Re4 41. Rxe4 Rxe4 42. Kf3 Rc4 43. Ke3 Rxc2 44. Rxa4 Rc3+ 45. Kf4
Rxh3 46. Ra5 Rh4+ 47. Kg3 Rg4+ 48. Kf3 Rg5 49. Ra8 h4 50. Rg8+ Kh7 51. Rxg5
fxg5 52. Kg4 Kg6 53. f4 gxf4 54. Kxf4 h3 55. Kg3 Kf5 56. Kxh3 1/2-1/2

[Event "ACP Masters Cup (rapid) 2015"]
[Site "Ashdod, Israel"]
[Date "2015.12.07"]
[Round "1"]
[White "Ivanchuk, Vassily"]
[Black "Eljanov, Pavel"]
[Result "1/2-1/2"]
[WhiteElo "2710"]
[BlackElo "2763"]
[PlyCount "95"]
[EventDate "2015.??.??"]

1. d4 Nf6 2. c4 e6 3. Nf3 b6 4. g3 Bb7 5. Bg2 Be7 6. O-O O-O 7. b3 c5 8. Nc3
cxd4 9. Qxd4 d6 10. Rd1 a6 11. Ba3 Ne8 12. Qf4 Nd7 13. Ne4 d5 14. Bxe7 Qxe7 15.
cxd5 Bxd5 16. Rac1 Nef6 17. Nxf6+ Nxf6 18. Ne5 Bxg2 19. Kxg2 Rac8 20. Qd4 Qb7+
21. f3 b5 22. e4 h6 23. Qd6 Rxc1 24. Rxc1 Rc8 25. Rc6 Rxc6 26. Nxc6 Kh7 27. Ne5
Qc8 28. Qc6 Qd8 29. Qc3 Kg8 30. Kf2 Ne8 31. Ke2 Qd6 32. Nd3 Kf8 33. b4 Nc7 34.
Nc5 f6 35. f4 Qc6 36. Qd4 Ke7 37. Ke3 Ne8 38. e5 Nc7 39. exf6+ gxf6 40. a3 Nd5+
41. Kf2 Kf7 42. Qe4 f5 43. Qe5 Nf6 44. h3 Nd7 45. Qd4 Nxc5 46. bxc5 h5 47. Ke3
a5 48. Qe5 1/2-1/2

[Event "ACP Masters Cup (rapid) 2015"]
[Site "Ashdod, Israel"]
[Date "2015.12.07"]
[Round "2"]
[White "Smirin, Ilia"]
[Black "Sutovsky, Emil"]
[Result "1-0"]
[WhiteElo "2613"]
[BlackElo "2647"]
[PlyCount "127"]
[EventDate "2015.??.??"]

1. e4 c5 2. Nf3 Nc6 3. Nc3 g6 4. d4 cxd4 5. Nxd4 Bg7 6. Nb3 Nf6 7. Be2 a5 8. a4
O-O 9. O-O Nb4 10. Bg5 d5 11. exd5 Nfxd5 12. Nxd5 Nxd5 13. Bf3 h6 14. Bxh6 Bxh6
15. Qxd5 Bg7 16. c3 Ra6 17. Rfd1 Qc7 18. Nd4 Rd6 19. Nb5 Rxd5 20. Nxc7 Rc5 21.
Nd5 Re8 22. Re1 Be6 23. Rad1 Bxd5 24. Bxd5 b6 25. Bf3 e6 26. Be2 Re5 27. Kf1
Bf6 28. Rd6 Rb8 29. Red1 Be7 30. Rd7 Bc5 31. Bb5 Kg7 32. R1d3 Rf5 33. Rd2 Rh8
34. h3 Rh4 35. Re2 g5 36. f3 Rd5 37. Rxd5 exd5 38. Re5 Kf6 39. Rxd5 Rh8 40. Bd3
Rg8 41. g3 Ke7 42. Bc4 Rg6 43. Re5+ Kf8 44. Rf5 f6 45. Bd3 Rh6 46. Kg2 Ke7 47.
f4 gxf4 48. Rxf4 Rh8 49. Re4+ Kf7 50. b4 Bd6 51. Bc4+ Kg6 52. Rg4+ Kf5 53. Bd3+
Ke6 54. h4 Be5 55. Rc4 Rd8 56. Rc6+ Ke7 57. Bf5 Rd2+ 58. Kf3 Ra2 59. h5 axb4
60. cxb4 Rxa4 61. h6 Ra3+ 62. Ke4 Ra8 63. h7 Bxg3 64. Rc8 1-0

[Event "ACP Masters Cup (rapid) 2015"]
[Site "Ashdod, Israel"]
[Date "2015.12.07"]
[Round "2"]
[White "Bacrot, Etienne"]
[Black "Ivanchuk, Vassily"]
[Result "0-1"]
[WhiteElo "2692"]
[BlackElo "2710"]
[PlyCount "142"]
[EventDate "2015.??.??"]

1. d4 f5 2. Nf3 g6 3. g3 Nf6 4. Bg2 Bg7 5. c4 O-O 6. Nc3 d6 7. O-O Qe8 8. Re1
Qf7 9. e4 fxe4 10. Ng5 Qxc4 11. Ngxe4 Nxe4 12. Rxe4 Qf7 13. Rf4 Bf6 14. Nd5 g5
15. Rf3 Nc6 16. h3 h6 17. Nxf6+ exf6 18. d5 Ne5 19. Rc3 Re8 20. Qc2 c5 21. dxc6
Nxc6 22. Be3 Be6 23. Rd1 Rad8 24. a3 Rd7 25. b4 a6 26. Bb6 Ne5 27. Re1 Bd5 28.
Rc8 Bxg2 29. Rxe8+ Qxe8 30. Kxg2 Qe6 31. Qd1 Qc4 32. f3 Qc6 33. Bd4 Rc7 34.
Bxe5 fxe5 35. Re2 Kg7 36. Rd2 Rd7 37. Qe2 Qc3 38. Rd3 Qc4 39. Qe3 Qe6 40. Rd2
d5 41. Re2 Re7 42. Qc5 e4 43. fxe4 dxe4 44. Qd4+ Kg6 45. g4 Qc6 46. Re3 Qc2+
47. Kg3 Qc7+ 48. Kg2 Qf4 49. a4 Re6 50. b5 axb5 51. axb5 Qe5 52. Qc4 b6 53. Ra3
e3 54. Qd3+ Kf6 55. Qd8+ Re7 56. Qh8+ Kg6 57. Qxe5 Rxe5 58. Kf1 e2+ 59. Ke1 h5
60. Rf3 hxg4 61. hxg4 Rxb5 62. Kxe2 Rb4 63. Rc3 Rxg4 64. Rc6+ Kh5 65. Rxb6 Rf4
66. Rb1 Rf5 67. Rg1 Kh4 68. Rh1+ Kg3 69. Rh5 Rf2+ 70. Ke1 g4 71. Rh1 Kg2 0-1

[Event "ACP Masters Cup (rapid) 2015"]
[Site "Ashdod, Israel"]
[Date "2015.12.07"]
[Round "2"]
[White "Rapport, Richard"]
[Black "Eljanov, Pavel"]
[Result "0-1"]
[WhiteElo "2715"]
[BlackElo "2763"]
[PlyCount "76"]
[EventDate "2015.??.??"]

1. c4 c5 2. Nc3 Nc6 3. d3 g6 4. g4 Bg7 5. Bg2 d6 6. h3 e6 7. Bxc6+ bxc6 8. f4
h5 9. g5 e5 10. fxe5 Bxe5 11. Qd2 Ne7 12. Nf3 Bg7 13. b3 d5 14. Bb2 O-O 15.
O-O-O Nf5 16. Na4 d4 17. Nxc5 Re8 18. Ne4 a5 19. Rdg1 c5 20. Qf4 a4 21. Nh4
Nxh4 22. Qxh4 Bb7 23. Rf1 Bxe4 24. dxe4 axb3 25. axb3 d3 26. Bxg7 dxe2 27. Rxf7
Kxf7 28. Bb2 Kg8 29. Qf4 Ra7 30. Qe3 Rf7 31. Qxe2 Qxg5+ 32. Kb1 Qg3 33. Rd1 Rf2
34. Qe1 Qg2 35. Qc3 Qxe4+ 36. Kc1 Qe3+ 37. Qxe3 Rxe3 38. Rd8+ Kf7 0-1

[Event "ACP Masters Cup (rapid) 2015"]
[Site "Ashdod, Israel"]
[Date "2015.12.07"]
[Round "3"]
[White "Ivanchuk, Vassily"]
[Black "Smirin, Ilia"]
[Result "1/2-1/2"]
[WhiteElo "2710"]
[BlackElo "2613"]
[PlyCount "41"]
[EventDate "2015.??.??"]

1. Nf3 Nf6 2. g3 g6 3. Bg2 Bg7 4. O-O O-O 5. d4 d6 6. Nc3 d5 7. Re1 Ne4 8. Nxe4
dxe4 9. Ng5 Qxd4 10. Qxd4 Bxd4 11. Nxe4 Nd7 12. c3 Be5 13. Be3 Nb6 14. Bd4 Bg7
15. b3 a5 16. Red1 a4 17. b4 a3 18. f4 Nc4 19. Kf2 e5 20. fxe5 Nxe5 21. h3
1/2-1/2

[Event "ACP Masters Cup (rapid) 2015"]
[Site "Ashdod, Israel"]
[Date "2015.12.07"]
[Round "3"]
[White "Sutovsky, Emil"]
[Black "Rapport, Richard"]
[Result "1/2-1/2"]
[WhiteElo "2647"]
[BlackElo "2715"]
[PlyCount "105"]
[EventDate "2015.??.??"]

1. e4 e5 2. Nf3 Nc6 3. Bb5 Nd4 4. Nxd4 exd4 5. O-O Bc5 6. Bc4 Qh4 7. d3 Ne7 8.
Nd2 O-O 9. c3 d5 10. exd5 Bg4 11. Nf3 Qh5 12. h3 Bxf3 13. Qxf3 Qxf3 14. gxf3
Ng6 15. Re1 Rfe8 16. Re4 Ne5 17. Kg2 f5 18. d6+ Nxc4 19. Rxe8+ Rxe8 20. d7 Rd8
21. dxc4 dxc3 22. bxc3 Rxd7 23. Bf4 g5 24. Be3 Bxe3 25. fxe3 Rd3 26. Rb1 b6 27.
c5 Rxc3 28. cxb6 cxb6 29. Rb5 Rc5 30. Rb2 Kf7 31. Rd2 Ke7 32. h4 gxh4 33. Rd4
Rc2+ 34. Kh3 Rxa2 35. Rxh4 b5 36. Kg3 Kd6 37. Kf4 Ra4+ 38. e4 fxe4 39. fxe4 a5
40. Rxh7 Ra1 41. e5+ Kc5 42. e6 Rf1+ 43. Ke5 a4 44. Ra7 Kb4 45. e7 a3 46. Ra8
Re1+ 47. Kd6 Kb3 48. e8=Q Rxe8 49. Rxe8 b4 50. Kc5 a2 51. Ra8 Kb2 52. Kxb4 a1=Q
53. Rxa1 1/2-1/2

[Event "ACP Masters Cup (rapid) 2015"]
[Site "Ashdod, Israel"]
[Date "2015.12.07"]
[Round "3"]
[White "Eljanov, Pavel"]
[Black "Bacrot, Etienne"]
[Result "0-1"]
[WhiteElo "2763"]
[BlackElo "2692"]
[PlyCount "66"]
[EventDate "2015.??.??"]

1. d4 Nf6 2. c4 e6 3. Nf3 Bb4+ 4. Bd2 a5 5. Nc3 b6 6. e3 d5 7. cxd5 exd5 8. a3
Be7 9. Qa4+ Bd7 10. Qc2 O-O 11. Ne5 Be8 12. Bd3 c5 13. O-O Nc6 14. Nxc6 Bxc6
15. a4 Rc8 16. Rfc1 Bd6 17. Nb5 Bb8 18. dxc5 bxc5 19. Qxc5 Ng4 20. h3 Bh2+ 21.
Kf1 Nxf2 22. Kxf2 Qh4+ 23. Kf1 d4 24. Qf5 g6 25. Qf2 Bg3 26. Qe2 dxe3 27. Be1
Rfd8 28. Qxe3 Qf6+ 29. Bf2 Rxd3 30. Qe2 Bxf2 31. Qxf2 Bxg2+ 32. Kg1 Rxc1+ 33.
Rxc1 Qg5 0-1

[Event "London Chess Classic 2015"]
[Site "London ENG"]
[Date "2015.12.08"]
[Round "5"]
[White "Caruana, F."]
[Black "Grischuk, A."]
[Result "1/2-1/2"]
[WhiteElo "2787"]
[BlackElo "2750"]
[PlyCount "116"]
[EventDate "2015.12.03"]

1. e4 e5 2. Nf3 Nc6 3. Bb5 Nf6 4. d3 Bc5 5. Bxc6 dxc6 6. Nbd2 Be6 7. O-O Bd6 8.
d4 Nd7 9. dxe5 Nxe5 10. Nxe5 Bxe5 11. f4 Bd4+ 12. Kh1 f5 13. Qh5+ g6 14. Qe2
O-O 15. Nf3 Bf6 16. e5 Be7 17. Rd1 Qe8 18. Nd4 Qf7 19. Nxe6 Qxe6 20. Be3 Rfd8
21. c4 a6 22. b3 Kf7 23. a4 Ke8 24. h3 Rxd1+ 25. Rxd1 Rd8 26. Rxd8+ Bxd8 27.
Bc5 Kf7 28. Qd2 Bh4 29. Kh2 h5 30. a5 Qe8 31. Ba3 Qd8 32. Qb4 b6 33. Qc3 c5 34.
Bb2 Qd1 35. e6+ Kxe6 36. Qe5+ Kd7 37. Qg7+ Be7 38. Qxg6 Qc2 39. Be5 h4 40. axb6
cxb6 41. Qxb6 Qd3 42. Qb7+ Ke8 43. Qa8+ Kd7 44. Qb7+ Ke8 45. Qc6+ Kf8 46. Qa8+
Bd8 47. Bc3 Qg3+ 48. Kh1 Qd3 49. Qb8 Kf7 50. Qb7+ Be7 51. Be5 a5 52. Bb8 Qb1+
53. Kh2 a4 54. Qd5+ Kf8 55. Bd6 axb3 56. Qa8+ Kf7 57. Qd5+ Kf8 58. Qa8+ Kf7
1/2-1/2

[Event "London Chess Classic 2015"]
[Site "London ENG"]
[Date "2015.12.08"]
[Round "5"]
[White "Vachier Lagrave, M."]
[Black "Giri, A."]
[Result "1/2-1/2"]
[WhiteElo "2765"]
[BlackElo "2778"]
[PlyCount "61"]
[EventDate "2015.12.03"]

1. e4 e5 2. Nf3 Nc6 3. Bb5 Nf6 4. O-O Nxe4 5. d4 Nd6 6. Bxc6 dxc6 7. dxe5 Nf5
8. Qxd8+ Kxd8 9. h3 Ke8 10. Nc3 h5 11. Bf4 Be7 12. Rad1 Be6 13. Ng5 Rh6 14. g3
Bc4 15. Rfe1 Rg6 16. Nce4 Rd8 17. Rxd8+ Bxd8 18. b3 Bd5 19. c4 Nd4 20. cxd5
cxd5 21. Nd6+ cxd6 22. exd6+ Ne6 23. Nf3 Bf6 24. Be3 Kd7 25. Bxa7 Rh6 26. Rd1
Kxd6 27. Bb8+ Kc6 28. Rc1+ Kd7 29. Rd1 Kc6 30. Rc1+ Kd7 31. Rd1 1/2-1/2

[Event "London Chess Classic 2015"]
[Site "London ENG"]
[Date "2015.12.08"]
[Round "5"]
[White "Aronian, L."]
[Black "Carlsen, M."]
[Result "1/2-1/2"]
[WhiteElo "2781"]
[BlackElo "2850"]
[PlyCount "80"]
[EventDate "2015.12.03"]

1. c4 Nf6 2. Nc3 c5 3. Nf3 e6 4. e3 d5 5. cxd5 Nxd5 6. d4 cxd4 7. exd4 Nxc3 8.
bxc3 Qc7 9. Bd2 Nd7 10. Bd3 b6 11. Ng5 Nf6 12. Qf3 Rb8 13. O-O Bd6 14. Qh3 h6
15. Rfe1 O-O 16. Nf3 Bf4 17. Bxf4 Qxf4 18. Ne5 Bb7 19. Rad1 Qg5 20. c4 Rbd8 21.
Qg3 Qxg3 22. hxg3 Rfe8 23. f3 Nd7 24. Kf2 Kf8 25. Bc2 Nxe5 26. Rxe5 Re7 27. Bb3
Red7 28. Ke3 g6 29. g4 Bc6 30. d5 exd5 31. cxd5 Bb7 32. f4 f6 33. Re6 Bxd5 34.
Rxd5 Rxd5 35. Bxd5 Rxd5 36. Rxf6+ Kg7 37. Rc6 Ra5 38. Rc2 Kf6 39. Rc6+ Kg7 40.
Rc2 Kf6 1/2-1/2

[Event "ACP Masters Cup (rapid) 2015"]
[Site "Ashdod, Israel"]
[Date "2015.12.08"]
[Round "4"]
[White "Jakovenko, Dmitry"]
[Black "Nepomniachtchi, Ian"]
[Result "1/2-1/2"]
[WhiteElo "2700"]
[BlackElo "2821"]
[PlyCount "63"]
[EventDate "2015.??.??"]

1. e4 c5 2. Nf3 d6 3. d4 Nf6 4. Nc3 cxd4 5. Nxd4 a6 6. g3 g6 7. Bg2 Bg4 8. Nde2
Nc6 9. h3 Bd7 10. O-O Bg7 11. Be3 O-O 12. Nd5 b5 13. c3 Rb8 14. Kh2 Ne8 15. Qd2
e6 16. Nb4 a5 17. Nxc6 Bxc6 18. Rad1 Qc7 19. Bf4 Qb7 20. f3 e5 21. Bh6 Rd8 22.
Bxg7 Nxg7 23. Qe3 d5 24. exd5 Bxd5 25. Qxe5 Rfe8 26. Qf6 Nf5 27. Nf4 Ne3 28.
Rfe1 Nxd1 29. Nh5 gxh5 30. Qg5+ Kf8 31. Qh6+ Kg8 32. Qg5+ 1/2-1/2

[Event "ACP Masters Cup (rapid) 2015"]
[Site "Ashdod, Israel"]
[Date "2015.12.08"]
[Round "4"]
[White "Guseinov, Gadir"]
[Black "Sevian, Samuel"]
[Result "1-0"]
[WhiteElo "2739"]
[BlackElo "2546"]
[PlyCount "123"]
[EventDate "2015.??.??"]

1. e4 e5 2. Nf3 Nc6 3. Bb5 a6 4. Bxc6 dxc6 5. O-O f6 6. d4 Bg4 7. c3 Bd6 8.
Nbd2 Ne7 9. h3 Bh5 10. dxe5 fxe5 11. Nc4 O-O 12. Ncxe5 Kh8 13. Ng4 Qc8 14. Be3
Ng6 15. Nd4 Qe8 16. Qc2 Bxg4 17. hxg4 Qe5 18. g3 Rae8 19. Nf5 Qxe4 20. Qxe4
Rxe4 21. Rad1 Rxg4 22. Nxd6 cxd6 23. Rxd6 h5 24. Rfd1 Ne5 25. Rd8 Rxd8 26.
Rxd8+ Kh7 27. Kg2 Nc4 28. Bc1 Re4 29. b3 Re1 30. Bf4 Nb2 31. Rd7 b5 32. Be3 Nd1
33. Bd4 c5 34. Bxg7 Kg6 35. c4 b4 36. Bf8 Nc3 37. Bxc5 Nxa2 38. Rd6+ Kf7 39.
Rxa6 Re2 40. Kh3 Nc1 41. Be3 Nxb3 42. Rb6 Nd2 43. Bxd2 Rxd2 44. f4 Rb2 45. Kh4
Rb3 46. Rb5 Kg6 47. Rg5+ Kf6 48. Rxh5 Rc3 49. c5 b3 50. Rh6+ Kf5 51. Rb6 Rc2
52. Kh3 b2 53. Rb8 Ke6 54. g4 Kd5 55. g5 Ke6 56. Kg4 Rg2+ 57. Kf3 Rc2 58. c6
Kd6 59. g6 Kc7 60. g7 Kxb8 61. g8=Q+ Kc7 62. Qh7+ 1-0

[Event "ACP Masters Cup (rapid) 2015"]
[Site "Ashdod, Israel"]
[Date "2015.12.08"]
[Round "4"]
[White "Gelfand, Boris"]
[Black "Georgiev, Kiril"]
[Result "1/2-1/2"]
[WhiteElo "2713"]
[BlackElo "2633"]
[PlyCount "75"]
[EventDate "2015.??.??"]

1. d4 Nf6 2. c4 e6 3. Nf3 Bb4+ 4. Nbd2 a5 5. a3 Be7 6. e4 d5 7. e5 Nfd7 8. cxd5
exd5 9. Nb1 Nf8 10. Nc3 c6 11. Be3 Bf5 12. Qb3 Ra7 13. Be2 Ne6 14. O-O Nd7 15.
Nd2 h5 16. Qd1 g6 17. f4 b5 18. Nf3 Nb6 19. Qc1 Nc4 20. b3 Nxe3 21. Qxe3 O-O
22. Rfd1 Rb7 23. Bd3 Ng7 24. Ne2 Qd7 25. Ng3 Bxd3 26. Qxd3 Qg4 27. Ne2 Qf5 28.
Qc3 Qd7 29. Qxa5 Ra7 30. Qd2 Rfa8 31. a4 bxa4 32. bxa4 Rxa4 33. Rxa4 Rxa4 34.
Qc2 Rc4 35. Qa2 Nf5 36. Rb1 Rb4 37. Rxb4 Bxb4 38. Qb2 1/2-1/2